000
00319nam a2200121Ia 4500
008
220204s9999 xx 000 0 und d
082
_a
621.311
_b
ELG
100
_a
Elgerd, Olle I
245
0
_a
Basic electric power engineering
260
_a
California
_b
Addison Wesley
_c
1977
650
_a
Electrical energy
942
_c
BK
999
_c
26757
_d
26757